000
00280nam a2200121 a 4500
001
4140
005
20140414132040.0
008
090218s19uu xx 00 eng d
050
_a
BB
_b
F21 2006
100
_a
Visaya, Lourdes
245
_a
Fanny and the fireflies.
999
_c
113832
_d
113832